Sobre el hombre y la sociedad
সংরক্ষণ করুন:
| প্রধান লেখক: | |
|---|---|
| বিন্যাস: | গ্রন্থ |
| ভাষা: | স্প্যানিশ |
| প্রকাশিত: |
Madrid
Rialp
1976
|
| মালা: | Cuestiones Fundamentales, 17
|
| বিষয়গুলি: | |
| ট্যাগগুলো: |
ট্যাগ যুক্ত করুন
কোনো ট্যাগ নেই, প্রথমজন হিসাবে ট্যাগ করুন!
|
MARC
| LEADER | 00000nam a2200000 a 4500 | ||
|---|---|---|---|
| 001 | UCZ2612 | ||
| 003 | CL-VaPUC | ||
| 008 | 951005e19760000SP |||||||||||||||||spa|d | ||
| 082 | 0 | 4 | |a 128 |b MIL |2 21 |
| 100 | |a Millán-Puelles, Antonio |e autor |9 438785 | ||
| 245 | 1 | 0 | |a Sobre el hombre y la sociedad |
| 300 | |a 287 p | ||
| 942 | |c BK | ||
| 945 | |d 19951005 00:00:00 |a cmena | ||
| 260 | |a Madrid |b Rialp |c 1976 | ||
| 650 | 7 | |a HOMBRE |2 CL-VaPUC |9 262149 | |
| 650 | 0 | |a Antropología filosófica |9 265842 | |
| 650 | 0 | |a Ontología |9 256850 | |
| 650 | 7 | |a SER |2 CL-VaPUC |9 320176 | |
| 650 | 0 | |a Bien común |9 346393 | |
| 650 | 7 | |a DOCTRINA SOCIAL CRISTIANA |2 CL-VaPUC |9 346394 | |
| 583 | |a last modification |c 19951005 00:00:00 |k Rodrigo Vera | ||
| 490 | 0 | |a Cuestiones Fundamentales, 17 | |
| 999 | |c 239180 |d 239178 | ||
| 952 | |0 0 |1 0 |4 0 |6 128_000000000000000_MIL_1976 |7 0 |8 A |9 250072 |a BIBEDU |b BIBEDU |d 2019-11-18 |i 1568779 |l 3 |m 2 |o 128 MIL 1976 |p 1568779 |r 2024-05-06 |s 2021-11-29 |w 2019-11-18 |y BK |k FIL | ||